Zdokonaľovanie systému spoločenského usmerňovania miezd v poľnohospodárstve Záverečná správa za časovú etapu samostatnej témy. SPEV 902529510-03/05

Salvato in:
Dettagli Bibliografici
Autore principale: Stanovič, Vladimír
Natura: Libro
Lingua:slovacco
Pubblicazione: Bratislava Výskumný ústav ekonomiky poľnohospodárstva a potravinárstva 1989
Tags: Aggiungi Tag
Nessun Tag, puoi essere il primo ad aggiungerne!!

MARC

LEADER 00000nam a2200000 4500
001 c029277
005 20221215072043.1
041 0 |a slo 
044 |a SK 
245 1 0 |a Zdokonaľovanie systému spoločenského usmerňovania miezd v poľnohospodárstve  |b Záverečná správa za časovú etapu samostatnej témy. SPEV 902529510-03/05  |c Vladimír Stanovič 
264 1 |a Bratislava  |b Výskumný ústav ekonomiky poľnohospodárstva a potravinárstva  |c 1989 
300 |a 39 s. 
100 1 |a Stanovič, Vladimír